[Event "Girona-ch Seniors"]
[Site "Girona"]
[Date "2014.03.04"]
[Round "4.10"]
[White "Colprim Sala, Francisco"]
[Black "Sanchez Cuenca Lopez, Luis"]
[Result "0-1"]
[WhiteElo "1700"]
[BlackElo "1706"]
[PlyCount "44"]
[EventDate "2014.02.11"]
[EventType "swiss"]
[EventRounds "6"]
[EventCountry "ESP"]
[SourceTitle "EXT 2024"]
[Source "ChessBase"]
[SourceDate "2023.10.10"]
[SourceVersion "1"]
[SourceVersionDate "2023.10.10"]
[SourceQuality "1"]

1. e4 e5 2. Nf3 Nc6 3. c3 Nf6 4. d3 d6 5. Be2 Be6 6. 0-0 h6 7. Nbd2 Be7 8. b4 a6 9. d4 exd4 10. cxd4 d5 11. e5 Nh7 12. a3 g5 13. Qb3 g4 14. Ne1 h5 15. g3 h4 16. f3 hxg3 17. fxg4 gxh2+ 18. Kxh2 Nf6+ 19. Kg2 Nxg4 20. Rh1 Rxh1 21. Kxh1 Kd7 22. Ng2 Qh8+ 0-1

[Event "Girona-ch Seniors"]
[Site "Girona"]
[Date "2014.02.25"]
[Round "3.11"]
[White "Estelle Estrada, Joan"]
[Black "Colprim Sala, Francisco"]
[Result "0-1"]
[WhiteElo "1722"]
[BlackElo "1700"]
[PlyCount "25"]
[EventDate "2014.02.11"]
[EventType "swiss"]
[EventRounds "6"]
[EventCountry "ESP"]
[SourceTitle "EXT 2024"]
[Source "ChessBase"]
[SourceDate "2023.10.10"]
[SourceVersion "1"]
[SourceVersionDate "2023.10.10"]
[SourceQuality "1"]

1. e4 e5 2. d3 c5 3. Ne2 Bd6 4. g3 Ne7 5. Bg2 0-0 6. 0-0 Nbc6 7. f4 b5 8. f5 f6 9. Nd2 Ba6 10. a3 Qb6 11. Kh1 Bb7 12. a4 b4 13. Nc4 0-1